<?xml version="1.0" encoding="UTF-8"?>
<record
    xmlns:xsi="http://www.w3.org/2001/XMLSchema-instance"
    xsi:schemaLocation="http://www.loc.gov/MARC21/slim http://www.loc.gov/standards/marcxml/schema/MARC21slim.xsd"
    xmlns="http://www.loc.gov/MARC21/slim">

  <leader>01323nab a2200217 i 4500</leader>
  <controlfield tag="001">768714001</controlfield>
  <controlfield tag="003">CO-MdFUSB</controlfield>
  <controlfield tag="005">20230607120118.0</controlfield>
  <controlfield tag="008">220912s2006    ag ||||| |||| 00| 0 eng d</controlfield>
  <datafield tag="040" ind1=" " ind2=" ">
    <subfield code="b">spa</subfield>
    <subfield code="c">CO-MdFUSB</subfield>
    <subfield code="d">CO-MdFUSB</subfield>
    <subfield code="a">CO-MdFUSB</subfield>
  </datafield>
  <datafield tag="041" ind1=" " ind2=" ">
    <subfield code="a">eng</subfield>
  </datafield>
  <datafield tag="100" ind1=" " ind2=" ">
    <subfield code="a">Steuernagel, Valdir Raul,  &#x200E; </subfield>
    <subfield code="e">autor</subfield>
  </datafield>
  <datafield tag="245" ind1="1" ind2=" ">
    <subfield code="a">Christian social responsibility today</subfield>
    <subfield code="b">: reflections on the Lausanne Covenant</subfield>
    <subfield code="c">/ Valdir Ra&#xFA;l Steuernagel</subfield>
  </datafield>
  <datafield tag="300" ind1=" " ind2=" ">
    <subfield code="a">Volumen 1, n&#xFA;mero 1 (2006), p&#xE1;ginas 26 - 41 </subfield>
    <subfield code="c">; 20 cm</subfield>
  </datafield>
  <datafield tag="520" ind1=" " ind2=" ">
    <subfield code="a">El te&#xF3;logo brasilero Valdir Steuernagel pronunci&#xF3; un poderoso discurso en el Congreso de Lausana para la Evangelizaci&#xF3;n Mundial, que tuvo lugar en Pattaya, Tailandia, a finales del 2004. Copiamos aqu&#xED; su presentaci&#xF3;n, que nos invita a escuchar al profeta Miqueas y nos desaf&#xED;a a vivir justamente en un mundo injusto, amar fervientemente en un mundo inmisericorde, y caminar humildemente en un mundo (y una iglesia) marcados por la arrogancia y el exclusivismo.</subfield>
  </datafield>
  <datafield tag="546" ind1=" " ind2=" ">
    <subfield code="a">Texto en Ingl&#xE9;s </subfield>
  </datafield>
  <datafield tag="630" ind1="0" ind2="7">
    <subfield code="a">Biblia.</subfield>
    <subfield code="p">Miqueas</subfield>
    <subfield code="x">Cr&#xED;tica, interpretaci&#xF3;n, etc.</subfield>
  </datafield>
  <datafield tag="650" ind1=" " ind2="0">
    <subfield code="9">362</subfield>
    <subfield code="a">Evangelizaci&#xF3;n</subfield>
  </datafield>
  <datafield tag="773" ind1="0" ind2=" ">
    <subfield code="0">49416</subfield>
    <subfield code="9">81263</subfield>
    <subfield code="d"> Santiago de Chile</subfield>
    <subfield code="o">R1699</subfield>
    <subfield code="t">Journal of Latin American Theology :</subfield>
    <subfield code="w">(CO-MdFUSB)118</subfield>
    <subfield code="x">1669-8949</subfield>
    <subfield code="g">Volumen 1, n&#xFA;mero 1 (2006), p&#xE1;ginas 26 - 41</subfield>
    <subfield code="q">p&#xE1;gina 26</subfield>
  </datafield>
  <datafield tag="942" ind1=" " ind2=" ">
    <subfield code="c">ANA</subfield>
  </datafield>
  <datafield tag="999" ind1=" " ind2=" ">
    <subfield code="c">68139</subfield>
    <subfield code="d">68139</subfield>
  </datafield>
</record>
